Fr. Conceicao Rodrigues College of Engineering

Electromagnetic fields and waves (Record no. 24753)

MARC details
000 -LEADER
fixed length control field 00335nam a2200145Ia 4500
082 ## - DEWEY DECIMAL CLASSIFICATION NUMBER
Classification number 530.141
Item number LOR
100 ## - MAIN ENTRY--PERSONAL NAME
Personal name Lorrain/Paul/ Corson/Dale R
250 ## - EDITION STATEMENT
Edition statement 2
245 ## - TITLE STATEMENT
Title Electromagnetic fields and waves
260 ## - PUBLICATION, DISTRIBUTION, ETC.
Name of publisher, distributor, etc. CBS Publishers
Place of publication, distribution, etc. Delhi
Date of publication, distribution, etc. 1986
300 ## - PHYSICAL DESCRIPTION
Extent 706
546 ## - LANGUAGE NOTE
Language note ENGLISH
654 ## - SUBJECT ADDED ENTRY--FACETED TOPICAL TERMS
Focus term Electromagnetic
942 ## - ADDED ENTRY ELEMENTS (KOHA)
Koha item type BOOK
Holdings
Withdrawn status Lost status Damaged status Not for loan Collection Home library Current library Shelving location Date acquired Cost, normal purchase price Total Checkouts Full call number Barcode Date last seen Price effective from Koha item type
        CRC Fr. Agnel's C.Rodrigues College of Engineering Fr. Agnel's C.Rodrigues College of Engineering   17/03/2023 60.00   530.141 LOR 2006 17/03/2023 17/03/2023 BOOK
        CRC Fr. Agnel's C.Rodrigues College of Engineering Fr. Agnel's C.Rodrigues College of Engineering   17/03/2023 60.00   530.141 LOR 2007 17/03/2023 17/03/2023 BOOK
        CRC Fr. Agnel's C.Rodrigues College of Engineering Fr. Agnel's C.Rodrigues College of Engineering   17/03/2023 60.00   530.141 LOR 2008 17/03/2023 17/03/2023 BOOK
        CRC Fr. Agnel's C.Rodrigues College of Engineering Fr. Agnel's C.Rodrigues College of Engineering   17/03/2023 60.00   530.141 LOR 2009 17/03/2023 17/03/2023 BOOK
        CRC Fr. Agnel's C.Rodrigues College of Engineering Fr. Agnel's C.Rodrigues College of Engineering   17/03/2023 60.00   530.141 LOR 2010 17/03/2023 17/03/2023 BOOK